How many uploads in all of Jack channels has uploaded - Statistics

General Stats
  • This quiz has been taken 13 times
  • The average score is 10 of 20
Answer Stats
Channel Uploads % Correct
pretty woman kitchen 1
100%
SamSmellsOfApricot 1
100%
Don't Subscribe 0
83%
ejsafc 5
83%
JACKSEPICYOUTUBECHANNELFULLOFFUNTIMESANDFUNHIRICKX HASNOTHINGONMEIAMTHESUPERIORCHANNELIHAVEMORE CHARACTERSTHANALLOFJACKSYOUTUBECHANNELSCOMBINED HAHAHAHAIHAVEMORECHARACTERSTHANJACKSUCKSATLIFE JACKSUCKSATSTUFFJACKMASSEYWELSHJACKSUCKSATGEOGRAPHY JACKSUCKSATCLIPSSAMSMELLSOFAPRICOTS JACKSUCKSATPOPUPPIRATEETCETCIMAGINETHISONAPLAYBUTTON JESUSCHRISTBTWPLEASESUBSCRIBETHANKYOUVERYMUCHHIRICKXxXxXX 5
83%
JackSucksAtPopUpPirate 7
83%
turd boi420 9
83%
SamSmellsOfApricots 10
67%
JackMasseyWelsh 3
67%
TDD41 3
67%
Jack Massey Welsh 140
33%
Fufik 182
33%
JacksEpicYoutubeChannelFullOfFunTimesAndFunHiRickX 42
33%
JackSucksAtEspanol 61
33%
Geography Stuff 322
17%
JackSucksAtGeography 423
17%
No Context JackSucksAtLife 557
17%
JackSucksAtStuff 574
17%
JackSucksAtLife 1852
0%
JackSucksAtClips 781
0%
No matching quizzes found
Score Distribution
Percent of People with Each Score
Percentile by Number Answered
Your Score History
You have not taken this quiz